| 000 | 00368 a2200109 4500 | ||
|---|---|---|---|
| 001 | ART_33047 | ||
| 005 | 20260410161926.0 | ||
| 008 | 260409a | ||
| 245 | 1 | 0 | _aDesarrollo y aplicación de normas de gobierno corporativo en el mercado de capitales argentinos |
| 100 | 1 | _aPiazza, Melina Soledad | |
| 773 | 0 |
_tLecturas _g- Nº 14 (ene. 2010) _wREV19328 |
|
| 999 |
_c28180 _d28180 |
||